| 000 | 00759nam a2200193Ia 4500 | ||
|---|---|---|---|
| 005 | 20250508155850.0 | ||
| 008 | 008 250505s9999 xx 000 0 eng d | ||
| 037 | _aDissertations | ||
| 040 |
_aFEDL _beng _cFEDL |
||
| 041 |
_aeng _2eng |
||
| 084 |
_a371.425, BAB/DI _qFEDL |
||
| 100 |
_aBabu D S _9140178 |
||
| 245 | 0 | _aOpinion survey of B.Ed. students in Delhi to investigate : (1) the reasons for their choice of the B.Ed. course (ii) the relation-ship it and between these choices and the socio-economic status, schoastic achievement, sex and personality characteristics o | |
| 260 | _c1965 | ||
| 300 | _a73p. | ||
| 546 | _aM.Ed. Dissertation 1965 (Delhi University) | ||
| 942 |
_cDIS _h371.425, BAB/DI |
||
| 999 |
_c1359717 _d1359717 |
||